Statistics for FIFA PREMIER LEAGUE MOST SAVES BY YEAR

Click here to take the quiz!

General Stats

  • This quiz has been taken 17 times
    (2 since last reset)
  • The average score is 4 of 14

Answer Stats

HintAnswer% Correct
2022-2023 BrentfordDavid Raya
100%
2021-2022 Leeds UnitedIllan Meslier
100%
2018-2019 West HamŁukasz Fabiański
50%
2015-2016 Swansea CityŁukasz Fabiański
50%
2014-2015 Swansea CityŁukasz Fabiański
50%
2019-2020 Newcastle UtdMartin Dúbravka
50%
2010-2011 Birmingham CityBen Foster
0%
2013-2014 Cardiff CityDavid Marshall
0%
2017-2018 Stoke CityJack Butland
0%
2009-2010 Birmingham CityJoe Hart
0%
2012-2013 West HamJussi Jääskeläinen
0%
2020-2021 West BromSam Johnstone
0%
2016-2017 BurnleyTom Heaton
0%
2011-2012 WolvesWayne Hennessey
0%

Score Distribution

Percentile by Number Answered

Percent of People with Each Score

Your Score History

You have not taken this quiz since the last reset